000 00368nam a22001577a 4500
003 OSt
008 240326b |||||||| |||| 00| 0 eng d
020 _a9780198081937
082 _a621.382 RAD
100 _aRAWAT,Tarun Kumar
245 _aDigital signal Processing
250 _a5th Rep
260 _aNew Delhi
_bOxford
_c2018
300 _a1072
942 _2ddc
_cREF
999 _c12291
_d12291